000
00221 a2200097 4500
001
14854
100
_a
Gasster M
245
_a
China struggle to modernize
260
_a
New York
_b
Alfred A Knoff
_c
090
_c
11624
_d
11624
942
_a
NUST-CAE
_c
M
_c
1808
999
_c
249927
_d
249927